000
00315nam a2200133Ia 4500
008
190216s9999||||xx |||||||||||||| ||und||
100
_a
Vavlov Vv And Melnikov Etc
245
0
_a
Algebra Study Aid
250
_a
1st Ed.
260
_b
Mir Pubs Moscow
_c
1990
300
_a
397p
650
_a
Mathematics
942
_c
BK
999
_c
31035
_d
31035